| 000 | 00387nam a22001217a 4500 | ||
|---|---|---|---|
| 008 | 230606b xxu||||| |||| 00| 0 eng d | ||
| 082 |
_a347.0121 _bCJ |
||
| 100 | _cInternational Commission of Jurists, Kenya Section | ||
| 245 |
_aStrengthening Judicial Reforms _bPerformance Indicators: Public Perceptions of the Kenya Judiciary |
||
| 260 | _aNairobi | ||
| 300 | _a76 pages | ||
| 942 |
_2ddc _cBK |
||
| 999 |
_c599 _d599 |
||